Polacy w Serie B sezon 2022/23 - Statystyki

Ogólne statystyki
  • Ten quiz został rozwiązany 89 razy
    15 od ostatniego zresetowania
  • Średni wynik to 5 z 10
Statystyki odpowiedzi
Klub Pozycja Zawodnik % Poprawnych
Benevento Obrońca Kamil Glik
92%
Parma Napastnik Adrian Benedyczak
77%
Genoa Pomocnik Filip Jagiełło
69%
Reggina Obrońca Thiago Cionek
62%
SPAL Obrońca Patryk Peda
54%
Benevento Pomocnik Krzysztof Kubica
38%
Brescia Pomocnik Marcin Listkowski
38%
Brescia Pomocnik Jakub Łabojko
31%
Frosinone Obrońca Przemysław Szymiński
31%
Cosenza Pomocnik Mateusz Praszelik
23%
Nie znaleziono quizów pasujących do podanych kryteriów
Rozkład punktacji
Procent ludzi z każdym wynikiem
Percentyl według liczby udzielonych odpowiedzi
Twoja historia wyników
Nie rozwiązałeś tego quizu od ostatniego zresetowania